[Event "GEO-ch U20"]
[Site "Tbilisi"]
[Date "2020.08.13"]
[Round "8"]
[White "Kilasonia, Lado"]
[Black "Tsanatsqenishvili, Alexandre"]
[Result "0-1"]
[WhiteElo "1390"]
[BlackElo "1660"]
[PlyCount "119"]
[EventDate "2020.08.06"]
[EventType "swiss"]
[EventRounds "9"]
[EventCountry "GEO"]
[SourceTitle "CBM 197 Extra"]
[Source "ChessBase"]
[SourceDate "2020.09.30"]
[SourceVersion "1"]
[SourceVersionDate "2020.09.30"]
[SourceQuality "1"]

1. e4 Nf6 2. e5 Nd5 3. d4 d6 4. Nf3 Bg4 5. Be2 c6 6. 0-0 Bxf3 7. Bxf3 dxe5 8. dxe5 e6 9. c4 Ne7 10. Qxd8+ Kxd8 11. Bf4 Ng6 12. Bg3 Nd7 13. Re1 Bb4 14. Nc3 Kc7 15. a3 Bxc3 16. bxc3 Rad8 17. h4 Ne7 18. h5 Nc5 19. Bh4 Rd7 20. Rad1 Nf5 21. Rxd7+ Nxd7 22. Bg5 h6 23. Bf4 Nb6 24. g4 Ne7 25. Be2 Na4 26. Rc1 Rd8 27. Be3 b6 28. f4 Nb2 29. Kg2 Nd3 30. Rf1 Nc5 31. f5 exf5 32. gxf5 Ne4 33. f6 gxf6 34. Bxh6 Rg8+ 35. Kf3 f5 36. Bf4 Kd7 37. Rh1 Rh8 38. Bd3 Nc5 39. Bc2 Ke6 40. Rd1 Nc8 41. h6 a5 42. Rh1 Nd7 43. Re1 Ne7 44. c5 bxc5 45. Bb3+ Nd5 46. Re2 N7b6 47. Rb2 c4 48. Bc2 Nd7 49. Ba4 Nxf4 50. Kxf4 Rxh6 51. Re2 Rh4+ 52. Kg3 Rg4+ 53. Kh3 Nxe5 54. Bxc6 Kd6 55. Bb7 Nd3 56. Rd2 Kc5 57. Bc8 Rg5 58. Kh4 f6 59. Rd1 Nf4 60. Bxf5 0-1

[Event "GEO-ch U20"]
[Site "Tbilisi"]
[Date "2020.08.11"]
[Round "6"]
[White "Khodashneli, Shota"]
[Black "Kilasonia, Lado"]
[Result "1/2-1/2"]
[WhiteElo "1940"]
[BlackElo "1390"]
[PlyCount "117"]
[EventDate "2020.08.06"]
[EventType "swiss"]
[EventRounds "9"]
[EventCountry "GEO"]
[SourceTitle "CBM 197 Extra"]
[Source "ChessBase"]
[SourceDate "2020.09.30"]
[SourceVersion "1"]
[SourceVersionDate "2020.09.30"]
[SourceQuality "1"]

1. e4 c5 2. Nf3 d6 3. Bb5+ Nd7 4. 0-0 a6 5. Bxd7+ Bxd7 6. d4 cxd4 7. Qxd4 e5 8. Qd3 h6 9. c4 Nf6 10. Nc3 Be7 11. b3 0-0 12. a4 Be6 13. Ba3 Qc7 14. Rfd1 Rad8 15. Rac1 Nh5 16. Qe3 f5 17. exf5 Rxf5 18. Ne4 Nf6 19. Nxf6+ Rxf6 20. c5 dxc5 21. Rxd8+ Qxd8 22. Nxe5 Qd5 23. Bxc5 Bxc5 24. Qxc5 Qxc5 25. Rxc5 Bxb3 26. a5 Rd6 27. f4 Rd5 28. Rxd5 Bxd5 29. Kf2 Kf8 30. g4 Ke7 31. Ke3 Kd6 32. Kd4 Ba2 33. h4 h5 34. gxh5 Ke6 35. Ng4 Kf5 36. h6 gxh6 37. Nxh6+ Kxf4 38. Kc5 Be6 39. Kd6 Bc4 40. Ke7 Ke5 41. Ng4+ Kf4 42. Nf6 Kf5 43. Nd7 Be2 44. Kd6 Kg4 45. Kc7 Kxh4 46. Kxb7 Kg5 47. Nc5 Kf6 48. Nxa6 Ke7 49. Nc7 Kd7 50. Kb6 Kc8 51. Nd5 Kb8 52. Nf4 Bf1 53. Ng6 Ka8 54. Ne7 Kb8 55. Nc6+ Ka8 56. Kc7 Bg2 57. Nd4 Ka7 58. a6 Kxa6 59. Nb3 1/2-1/2